000 01386nam a22003737a 4500
003 CHAP
005 20220329135715.0
008 971013s1968 r 00010 d
010 _a40890
011 _a41862
035 _a45988
040 _cCHAP
082 _a551.59
_bG35
100 0 0 _aMosiño Alemán, Pedro A.
_979013
245 _aEvaluación de la sequía intraestival en la República Mexicana
260 _aChapingo, Méx. :
_bColegio de Postgraduado,
_c1968
300 _a(25) p
500 _aEncuadernado con: García, Enriqueta. Los climas del Valle de México
590 _aBATCH-UPD
_b10
_c20130110
_lUCH01
_h1439
590 _aBATCH-UPD
_b10
_c20130410
_lUCH01
_h0912
590 _aBATCH-UPD
_b10
_c20130914
_lUCH01
_h0948
590 _aCONVERSION
_b10
_c20130109
_lUCH01
_h1323
650 1 4 _aClima
_xMéxico.
_923835
650 1 4 _aLluvia.
_967312
901 _aBK
942 _cLIBRO
949 _a551.59 G35
_bBC
_cLIBRO
_d-104893
_eLIBRO
_h11526
_i45988
_si
949 _a551.59 G35
_bBC
_cLIBRO
_d-104894
_eLIBRO
_fc.2
_i45988
_si
949 _a551.59 G35
_bBC
_cLIBRO
_d-104898
_eLIBRO
_fc.4
_i45988
_si
949 _a551.59 G35
_bBC
_cLIBRO
_d-104899
_eLIBRO
_fc.5
_i45988
_si
949 _a551.59 G35
_bBC
_cLIBRO
_d-82262
_eLIBRO
_fc.3
_i45988
_si
949 _a551.59 G35
_bBC
_cLIBRO
_d459887
_eLIBRO
_fc.7
_h60444
_i45988
_sb
949 _a551.59 G35
_bBC
_cUACH
_d-104900
_eUACH
_fc.6
_i45988
_si
999 _c40890
_d40890